000 00432nam a2200145Ia 4500
008 100204s9999 xx 000 0 und d
082 _b21949
100 _aED. ROBERT O ZELENY
245 _a"THE WORLD BOOK ENCYCLOPEDIA I "" - 10"""
260 _b"WWORLD BOOK INC, CHICAGO"
_c1988
300 _a526
630 _a"THE WORLD BOOK ENCYCLOPEDIA I "" - 10"""
730 _a"THE WORLD BOOK ENCYCLOPEDIA I "" - 10"""
942 _cBOOK
999 _c467061
_d467058